<?xml version="1.0" encoding="UTF-8"?>
<record
    xmlns:xsi="http://www.w3.org/2001/XMLSchema-instance"
    xsi:schemaLocation="http://www.loc.gov/MARC21/slim http://www.loc.gov/standards/marcxml/schema/MARC21slim.xsd"
    xmlns="http://www.loc.gov/MARC21/slim">

  <leader>02169nam a22002417a 4500</leader>
  <controlfield tag="005">20220407161908.0</controlfield>
  <controlfield tag="008">220407b           ||||| |||| 00| 0 eng d</controlfield>
  <datafield tag="020" ind1=" " ind2=" ">
    <subfield code="a">9812049681</subfield>
  </datafield>
  <datafield tag="040" ind1=" " ind2=" ">
    <subfield code="c">Aloy</subfield>
  </datafield>
  <datafield tag="041" ind1=" " ind2=" ">
    <subfield code="a">eng</subfield>
  </datafield>
  <datafield tag="082" ind1=" " ind2=" ">
    <subfield code="2">23</subfield>
    <subfield code="a">950.4</subfield>
    <subfield code="b">MAHC</subfield>
  </datafield>
  <datafield tag="100" ind1=" " ind2=" ">
    <subfield code="a">Kishore Mahbubani</subfield>
    <subfield code="9">28352</subfield>
  </datafield>
  <datafield tag="245" ind1=" " ind2=" ">
    <subfield code="a">Can Asians think?</subfield>
  </datafield>
  <datafield tag="260" ind1=" " ind2=" ">
    <subfield code="a">Singapore</subfield>
    <subfield code="b">Times Books International</subfield>
    <subfield code="c">1999</subfield>
  </datafield>
  <datafield tag="300" ind1=" " ind2=" ">
    <subfield code="a">190 p.</subfield>
    <subfield code="b">PB</subfield>
    <subfield code="c">19x13 cm.</subfield>
  </datafield>
  <datafield tag="520" ind1=" " ind2=" ">
    <subfield code="a">KISHORE MAHBUBANI has been hailed as "an Asian Toynbee, preoccupied with the rise and fall of civilizations" (The Economist), a "Max Weber of the new 'Confucian ethic'" (Washington Post), and "a prototype twenty-first century leader" (Time). A must-read for anyone with even a passing interest in contemporary Asia, this collection of provocative essays is certain to challenge the way you think.
Asia's societies were more culturally and economically advanced than Europe's at the end of the first millennium. And yet by the nineteenth century the West had leaped so far ahead that even some Asians themselves harbored images of inferiority.
Mahbubani's analysis of the past and predictions for the future amount to a wake-up call to Asians and Westerners alike. In diverse pieces such as "The Ten Commandments for Developing Countries" and "The Dangers of Decadence: What the Rest Can Teach the West," he asserts that Westerners are largely unaware of their condescending attitudes and practices toward the East and maintain that outdated worldview at their own peril - Asia's economies are poised to surpass those of Europe and North America within the next fifty years. No one who reads these iconoclastic, unabashed arguments will ever regard East-West relations in the same light.
&#x201C;If you are looking for insight into how others perceive us&#x2014;and the events of September 11 underscore that need&#x2014;then I know of no better guide than Kishore Mahbubani. His collection of lively essays will both inform and challenge your thinking.&#x201D;</subfield>
  </datafield>
  <datafield tag="650" ind1=" " ind2=" ">
    <subfield code="a">Asia</subfield>
    <subfield code="9">28353</subfield>
  </datafield>
  <datafield tag="650" ind1=" " ind2=" ">
    <subfield code="a">East and West</subfield>
    <subfield code="9">28354</subfield>
  </datafield>
  <datafield tag="650" ind1=" " ind2=" ">
    <subfield code="a">Civilization</subfield>
    <subfield code="9">28355</subfield>
  </datafield>
  <datafield tag="650" ind1=" " ind2=" ">
    <subfield code="a">Values</subfield>
    <subfield code="9">28356</subfield>
  </datafield>
  <datafield tag="700" ind1=" " ind2=" ">
    <subfield code="a">MAHBUBANI (Kishore)</subfield>
    <subfield code="9">28357</subfield>
  </datafield>
  <datafield tag="942" ind1=" " ind2=" ">
    <subfield code="2">ddc</subfield>
    <subfield code="c">GF</subfield>
  </datafield>
  <datafield tag="999" ind1=" " ind2=" ">
    <subfield code="c">222264</subfield>
    <subfield code="d">222264</subfield>
  </datafield>
  <datafield tag="952" ind1=" " ind2=" ">
    <subfield code="0">0</subfield>
    <subfield code="1">0</subfield>
    <subfield code="2">ddc</subfield>
    <subfield code="4">0</subfield>
    <subfield code="7">0</subfield>
    <subfield code="8">HIS</subfield>
    <subfield code="a">AL</subfield>
    <subfield code="b">AL</subfield>
    <subfield code="d">2013-03-24</subfield>
    <subfield code="l">0</subfield>
    <subfield code="o">950.4 MAHC</subfield>
    <subfield code="p">GF03191</subfield>
    <subfield code="r">2022-04-07 00:00:00</subfield>
    <subfield code="w">2022-04-07</subfield>
    <subfield code="y">GF</subfield>
  </datafield>
</record>
